000 00484nam a2200181Ia 4500
001 19792
005 20260306172719.0
008 260306t2010||||xx |||||||||||||| ||spa||
041 _aESP
082 _a341.1
_bH46
100 _aHerrera, Daniel Alejandro
_eAUT
245 0 _aIV Jornadas internacionales de derecho natural:
_bley natural y legítima laicidad
260 _c2010
300 _a667 páginas :
_c23 cm.
650 _aGEN
654 _aCDE
942 _cLIB
_dJUS
_fJUS
_2ddc
_n
999 _c19792
_d19792